Primer centenario de la inaguración del edificio de la Facultad de Farmacia de la Universidad Central, construido y cedido al Estado por los farmacéuticos españoles (Record no. 43309)

MARC details
000 -LEADER
campo de control de longitud fija 01154nam a2200205 i 4500
001 - NÚMERO DE CONTROL
campo de control 43309
003 - IDENTIFICADOR DE NÚMERO DE CONTROL
campo de control ES-MaACL
005 - FECHA Y HORA DE LA ÚLTIMA TRANSACCIÓN
campo de control 20240111173642.0
008 - DATOS DE LONGITUD FIJA--INFORMACIÓN GENERAL
campo de control de longitud fija 030317s1933 sp a |||| | spa d
245 00 - MENCIÓN DEL TÍTULO
Título Primer centenario de la inaguración del edificio de la Facultad de Farmacia de la Universidad Central, construido y cedido al Estado por los farmacéuticos españoles
Resto del título : actos conmemorativos del mismo : trabajos premiados en el Certamen Científico Hispanoamericano y Álbum de farmaceúticos españoles contemporáneos : Madrid 24 de noviembre - 3 de diciembre 1930.
246 34 - FORMA VARIANTE DEL TITULO
Texto de visualización Tít. de cub
Título propio/Titulo breve Libro de oro de la Academia Nacional de Farmacia, Primer Centenario de la Facultad, 1930
246 2# - FORMA VARIANTE DEL TITULO
Texto de visualización Tít. de anteport.
Título propio/Titulo breve Actos conmemorativos de la Facultad de Farmacia, MDCCCXXX
260 ## - PUBLICACIÓN, DISTRIBUCIÓN, ETC.
Lugar de publicación, distribución, etc. Madrid :
Nombre del editor, distribuidor, etc. [s.n.],
Fecha de publicación, distribución, etc. 1933 (
Fabricante Herrera)
300 ## - DESCRIPCIÓN FÍSICA
Extensión 667 p. :
Otras características físicas il. ;
Dimensiones 28 cm.
610 24 - PUNTO DE ACCESO ADICIONAL DE MATERIA--NOMBRE DE ENTIDAD CORPORATIVA
Nombre de entidad corporativa o nombre de jurisdicción como elemento de entrada Universidad Central (Madrid).
Unidad subordinada Facultad de Farmacia.
9 (RLIN) 7091
710 2# - ENTRADA AGREGADA--NOMBRE DE ENTIDAD CORPORATIVA
Nombre de entidad corporativa o nombre de jurisdicción como elemento de entrada Academia Nacional de Farmacia (España)
9 (RLIN) 164430
740 02 - ENTRADA AGREGADA--TÍTULO RELACIONADO/ANALÍTICO NO CONTROLADO
Título relacionado o analítico no controlado Álbum de farmaceúticos españoles contemporáneos.
852 ## - LOCALIZACIÓN
Ubicación ES-MaACL
Número de control de estantería A-2622
Holdings
Estatus retirado Estado de pérdida Estado de daño No para préstamo Biblioteca de origen Biblioteca actual Ubicación en estantería Fecha de adquisición Fuente de adquisición Total de préstamos Signatura topográfica completa Código de barras Visto por última vez Precio de reemplazo Tipo de ítem Koha
        Biblioteca del Ateneo de Madrid Biblioteca del Ateneo de Madrid Sala Pecera Planta 1 17/01/2008     A-2622 1045593 23/02/2023 23/02/2023 Libro impreso